| 000 | 00778nam a2200253Ia 4500 | ||
|---|---|---|---|
| 001 | Para_277 | ||
| 003 | CHAP | ||
| 008 | 220125s1986 xx 000 0 und d | ||
| 010 | _a199033 | ||
| 040 | _cCHAP | ||
| 090 | _aPA FOLLETO 3198 | ||
| 110 |
_aUnion agrícola regional de fruticultores del estado de Chihuahua _9164345 |
||
| 245 |
_aManzanos : _b programa integrado para el control de insectos profilaxis en enfermedades y protección ambiental / _c por UNIFRUT |
||
| 260 |
_aChihuahua, Chih. : _b La unión |
||
| 300 | _a38 p. | ||
| 650 |
_aManzana _x Plagas _970792 |
||
| 901 | _aPA FOLLETO 3198 | ||
| 902 | _aA | ||
| 905 | _a0000001986 0000000000 00 | ||
| 910 | _a1986 | ||
| 942 | _cPARA | ||
| 942 |
_cPARA _d1 |
||
| 999 |
_c199033 _d199033 |
||